000 00437cam a22001337a 4500
008 180718b1984 xxu||||| |||| 00| 0 eng d
082 _aA75 G949A
245 _aGujarat state gazetteers: Ahmedabad
_cedited by S.B. Rajyagor, S. Tripathy and U.M. Chokshi
260 _aAhmedabad
_bGovernment Printing, Stationery and Publications
_c1984
300 _a943+p.
700 _aChokshi, U.M.
700 _aTripathy, S.
700 _aRajyagor, S.B.
999 _c486942
_d486942